000 00459nam a2200169 i 4500
001 147798
003 ES-MaACL
005 20230906202247.0
007 t|
008 071005s1961 sp ||||1| spa d
100 1 _aUrkiri, Timoteo.
_9112185
245 1 0 _aVivamos la liturgia /
_cpor Timoteo Urquiri.
260 _aMadrid :
_bCo. Cul., S. A.,
_c1961.
300 _a314 p. ;
_c21 cm.
650 1 4 _aLiturgia.
_914683
852 _aES-MaACL
_jC-20730
_bR.48562
999 _c147798
_d147798